Top 50 Busiest Airports In Asia (2019) - Statistics

General Stats
  • This quiz has been taken 181 times
  • The average score is 39 of 50
Answer Stats
# Of Pass/Y Answer % Correct
100.98 M Beijing
98%
69.86 M Delhi
97%
49.87 M Mumbai
97%
87.09 M Tokyo (Haneda)
97%
42.60 M Tokyo (Narita)
97%
43.63 M Shanghai (Hongqiao)
96%
74.05 M Shanghai (Pudong)
96%
24.60 M Seoul (Gimpo)
95%
68.25 M Seoul (Incheon)
95%
89.14 M Dubai
94%
74.70 M Hong Kong
94%
65.60 M Singapore
94%
28.66 M Osaka/Kyoto (Kansai)
93%
40.75 M Bangkok (Don Muaeng)
92%
63.37 M Bangkok (Suvarnabhumi)
92%
66.90 M Jakarta
92%
69.73 M Guangzhou
90%
45.08 M Manila
90%
27.00 M Hanoi
89%
38.50 M Ho Chi Minh City
89%
59.95 M Kuala Lumpur
88%
46.53 M Taipei
88%
22.01 M Abu Dhabi
86%
35.40 M Doha
86%
34.21 M Istanbul (Sabiha Gocken)
85%
26.77 M Riyadh
85%
22.94 M Tel Aviv/Jerusalem (Ben Gurion)
81%
24.50 M Wuhan
79%
52.95 M Chengdu
77%
33.30 M Bengaluru
76%
22.24 M Chennai
76%
49.35 M Shenzhen
76%
44.65 M Xi'an
76%
41.20 M Jeddah
74%
41.60 M Chongqing
72%
23.59 M Tianjin
68%
26.50 M Xiamen
66%
24.08 M Sapporo
64%
28.58 M Nanjing
62%
47.09 M Kunming
58%
38.24 M Hangzhou
56%
23.77 M Denpasar (Bali)
53%
23.27 M Fukuoka
53%
23.03 M Urumqi
50%
24.54 M Qingdao
49%
25.27 M Changsha
44%
26.29 M Jeju
43%
28.62 M Antalya
41%
27.33 M Zhengzhou
40%
24.12 M Haikou
25%
No matching quizzes found
Score Distribution
Percent of People with Each Score
Percentile by Number Answered
Your Score History
You have not taken this quiz